Virtual zen / (Record no. 11577)
[ view plain ]
| 000 -LEADER | |
|---|---|
| fixed length control field | 00972cam a22003135a 4500 |
| 001 - CONTROL NUMBER | |
| control field | 17215023 |
| 003 - CONTROL NUMBER IDENTIFIER | |
| control field | LC |
| 005 - DATE AND TIME OF LATEST TRANSACTION | |
| control field | 20160314111045.0 |
| 008 - FIXED-LENGTH DATA ELEMENTS--GENERAL INFORMATION | |
| fixed length control field | 120317s1996 nyu 000 1 eng d |
| 010 ## - LIBRARY OF CONGRESS CONTROL NUMBER | |
| LC control number | 96096032 |
| 020 ## - INTERNATIONAL STANDARD BOOK NUMBER | |
| International Standard Book Number | 0380781859 |
| 035 ## - SYSTEM CONTROL NUMBER | |
| System control number | (OCoLC)ocm35110007 |
| 040 ## - CATALOGING SOURCE | |
| Original cataloging agency | CLE |
| Transcribing agency | CLE |
| Modifying agency | SVP |
| -- | JNA |
| -- | DAY |
| -- | OCL |
| -- | OCLCG |
| -- | BAKER |
| -- | JBO |
| -- | OBE |
| -- | DLC |
| 042 ## - AUTHENTICATION CODE | |
| Authentication code | lccopycat |
| 050 00 - LIBRARY OF CONGRESS CALL NUMBER | |
| Classification number | PS 3564 |
| Item number | .N424 1996 |
| 082 ## - DEWEY DECIMAL CLASSIFICATION NUMBER | |
| Classification number | FIC |
| Item number | N33v 1996 |
| 100 1# - MAIN ENTRY--PERSONAL NAME | |
| Personal name | Nelson, Ray Faraday, |
| Dates associated with a name | 1931- |
| 9 (RLIN) | 20654 |
| 245 10 - TITLE STATEMENT | |
| Title | Virtual zen / |
| Statement of responsibility, etc | Ray Nelson. |
| 260 ## - PUBLICATION, DISTRIBUTION, ETC. (IMPRINT) | |
| Place of publication, distribution, etc | New York : |
| Name of publisher, distributor, etc | Avon Books, |
| Date of publication, distribution, etc | c1996. |
| 300 ## - PHYSICAL DESCRIPTION | |
| Extent | 220 p. : |
| Dimensions | 18 cm. |
| 650 #0 - SUBJECT ADDED ENTRY--TOPICAL TERM | |
| Topical term or geographic name as entry element | Science fiction, American. |
| 9 (RLIN) | 17461 |
| 650 #0 - SUBJECT ADDED ENTRY--TOPICAL TERM | |
| Topical term or geographic name as entry element | Musicians |
| Form subdivision | Fiction. |
| 9 (RLIN) | 20655 |
| 655 #7 - INDEX TERM--GENRE/FORM | |
| Genre/form data or focus term | Science fiction. |
| Source of term | gsafd |
| 9 (RLIN) | 1889 |
| 710 2# - ADDED ENTRY--CORPORATE NAME | |
| Corporate name or jurisdiction name as entry element | Copyright Paperback Collection (Library of Congress) |
| Institution to which field applies | DLC |
| 9 (RLIN) | 705 |
| 906 ## - LOCAL DATA ELEMENT F, LDF (RLIN) | |
| a | 0 |
| b | ibc |
| c | copycat |
| d | 2 |
| e | epcn |
| f | 20 |
| g | y-genrareb |
| 942 ## - ADDED ENTRY ELEMENTS (KOHA) | |
| Source of classification or shelving scheme | Library of Congress Classification |
| Koha item type | Books |
| Withdrawn status | Lost status | Source of classification or shelving scheme | Damaged status | Home library | Current library | Shelving location | Date acquired | Total Checkouts | Full call number | Barcode | Date last seen | Copy number | Price effective from | Koha item type |
|---|---|---|---|---|---|---|---|---|---|---|---|---|---|---|
| Library of Congress Classification | Luxembourg Library | Luxembourg Library | Fiction Section | 09/17/2013 | PS 3564 .N424 1996 | 2431 | 09/17/2013 | 1 | 09/17/2013 | Books |